_3 GO ! with Microsoft.Office 2007 Introductory(3rd ed) (Record no. 12513)
[ view plain ]
| 000 -LEADER | |
|---|---|
| fixed length control field | 00428nam a2200145Ia 4500 |
| 008 - FIXED-LENGTH DATA ELEMENTS--GENERAL INFORMATION | |
| fixed length control field | 151021s9999 xx 000 0 und d |
| 020 ## - INTERNATIONAL STANDARD BOOK NUMBER | |
| International Standard Book Number | 9.7801350592e+012 |
| 050 ## - LIBRARY OF CONGRESS CALL NUMBER | |
| Classification number | HM 5548.4 m525 .G6245 2007 |
| 245 ## - TITLE STATEMENT | |
| Title | _3 GO ! with Microsoft.Office 2007 Introductory(3rd ed) |
| 300 ## - PHYSICAL DESCRIPTION | |
| Extent | xxiii,1013p,;Ill |
| 500 ## - GENERAL NOTE | |
| General note | Includes Index |
| 500 ## - GENERAL NOTE | |
| General note | Includes Index |
| 650 ## - SUBJECT ADDED ENTRY--TOPICAL TERM | |
| Topical term or geographic name as entry element | _Microsoft |
| 980 ## - EQUIVALENCE OR CROSS-REFERENCE-SERIES STATEMENT--PERSONAL NAME/TITLE [LOCAL, CANADA] | |
| Personal name | ^d20120827 01:36:24^okorir |
No items available.